000
00310nam a2200121Ia 4500
008
220204s9999 xx 000 0 und d
082
_a
625:666.982.2
_b
JAI.1
100
_a
Jaikrishna, O P
245
0
_a
Plain and reinforced concrete. V 1
260
_a
Roorkee
_b
Nem Chand
_c
1985
700
_a
Jain
942
_c
BK
999
_c
39974
_d
39974